000 01040nam a2200253 a 4500
005 20200104041614.0
008 160112s2007 ck abd gr||||o000 0 spa d
020 _a9789588317311
040 _aCO-BoIAVH
_cCO-BoIAVH
041 0 _aspa
044 _ack
082 _a338.9
_bC14c
100 1 _aCalderón, Norma
245 1 _aConstruyendo agenda 21 para el departamento de Caquetá :
_buna construcción colectiva para el desarrollo sostenible de la Amazonia Colombiana /
_cMinisterio de Ambiente, Vivienda y Desarrollo Territorial ; Instituto Amazónico de Investigaciónes Científicas
250 _aPrimera edición
260 _aBogotá :
_bInstituto Amazónico de Investigaciónes Científicas ,
_c2007.
300 _a68 páginas :
_bIlustraciones, mapas, gráficos ;
_c28 x 21 cm.
650 6 _aDesarrollo sostenible
650 6 _aEducación ambiental
650 6 _aOrdenamiento territorial
650 6 _aGobernabilidad
_zAmazonas
662 _aColombia
_bAmazonas
_dCaquetá
942 _cLIBRO
_2ddc
999 _c7083
_d7083